Invitaciones an interactive worktext for beginning Spanish
Saved in:
| Main Author: | |
|---|---|
| Format: | Book |
| Language: | English |
| Published: |
Vista Higher Learning
2004.
|
| Tags: |
Add Tag
No Tags, Be the first to tag this record!
|
MARC
| LEADER | 00000nam a22000007a 4500 | ||
|---|---|---|---|
| 008 | 210427b ||||| |||| 00| 0 eng d | ||
| 020 | |a 1-59334-232-2 | ||
| 100 | |a ALONSO-LYRINTZIS, Deana | ||
| 245 | |a Invitaciones |b an interactive worktext for beginning Spanish |c Deana Alonso-Lyrintzis, Esther Alonso [and] Brandon Zaslow. |e “Lab activities [by] Beverly Burdette’’ |g xxxii, 440p, ill. | ||
| 260 | |b Vista Higher Learning |c 2004. |h Boston |i 658909 |l PC4112 .Al6 |m Spanish language – Textbooks for foreign speakers – English |m Spanish language | ||
| 942 | |a lcc |c BK |e Adekanye, I. H. |f 27/04/2021 | ||
| 952 | |0 0 |1 0 |2 lcc |4 0 |6 PC4112 A L6 |7 0 |9 2350 |a HOL |b HOL |c LP |d 2021-04-27 |l 0 |o PC4112 .Al6 |p 2021-6204 |r 2021-04-27 00:00:00 |w 2021-04-27 |y BK | ||
| 999 | |c 1212 |d 1212 | ||